000
00317nam a22001217a 4500
008
250218b |||||||| |||| 00| 0 eng d
050
_a
HD31
_b
.K86
100
_a
KUMAR, Chandan
245
_a
Business Administration and Marketing
260
_a
New Delhi
_b
Random Publication
_c
2019
300
_a
viii, 318p.
942
_c
BK
999
_c
1972
_d
1972